Top 5 2021 NFL Players At Each Position (My Opinion) - Statistics

General Stats
  • This quiz has been taken 99 times
  • The average score is 15 of 30
Answer Stats
Hint Answer % Correct
QB Patrick Mahomes
97%
QB Josh Allen
91%
QB Aaron Rodgers
90%
QB Lamar Jackson
89%
TE Travis Kelce
89%
RB Derrick Henry
84%
TE George Kittle
79%
RB Aaron Jones
78%
WR Davante Adams
76%
K Justin Tucker
75%
WR DeAndre Hopkins
72%
RB Christian McCaffrey
71%
RB Dalvin Cook
71%
TE Darren Waller
68%
WR Tyreek Hill
68%
RB Saquon Barkley
52%
TE T.J. Hockenson
38%
TE Rob Gronkowski
37%
WR D.K. Metcalf
33%
Def 49ers
28%
Def Buccaneers
25%
Def Steelers
23%
Def Football Team
17%
Def Giants
16%
WR Stephon Diggs
3%
QB Russel Wilson
2%
K Harrison Butker
1%
K Mason Crosby
0%
K Robbie Gould
0%
K Stephen Gostkowski
0%
No matching quizzes found
Score Distribution
Percent of People with Each Score
Percentile by Number Answered
Your Score History
You have not taken this quiz